Fr. Conceicao Rodrigues College of Engineering

Fundamenals of Physics (Record no. 29831)

MARC details
000 -LEADER
fixed length control field 00308nam a2200157Ia 4500
082 ## - DEWEY DECIMAL CLASSIFICATION NUMBER
Classification number 539
Item number HAL/RES
100 ## - MAIN ENTRY--PERSONAL NAME
Personal name Hallliday/David
250 ## - EDITION STATEMENT
Edition statement 5
245 ## - TITLE STATEMENT
Title Fundamenals of Physics
260 ## - PUBLICATION, DISTRIBUTION, ETC.
Name of publisher, distributor, etc. Wiley
Date of publication, distribution, etc. 1997
300 ## - PHYSICAL DESCRIPTION
Extent 1142
546 ## - LANGUAGE NOTE
Language note ENGLISH
654 ## - SUBJECT ADDED ENTRY--FACETED TOPICAL TERMS
Focus term Physics
942 ## - ADDED ENTRY ELEMENTS (KOHA)
Koha item type BOOK
Holdings
Withdrawn status Lost status Damaged status Not for loan Collection Home library Current library Date acquired Inventory number Total Checkouts Full call number Barcode Date last seen Price effective from Koha item type
        CRC Fr. Agnel's C.Rodrigues College of Engineering Fr. Agnel's C.Rodrigues College of Engineering 17/03/2023 3425   539 HAL/RES 10950 17/03/2023 17/03/2023 BOOK